| 000 | 00919nam0a22002291 4500 | ||
|---|---|---|---|
| 001 | rc\2328640 | ||
| 005 | 20110829145127.3 | ||
| 035 | _a(NLR Aleph) 006472578 | ||
| 090 |
_a5950507 _c5950507 |
||
| 100 | _a20110829d1977 |||y0rusy50 ca | ||
| 101 | 0 | _arus | |
| 102 | _aRU | ||
| 105 | _ay z ||||| | ||
| 200 | 1 |
_aСборник задач по курсу "Основы теории передачи информации" _fСост. к. т. н., доц. В.В. Панин. Ч. 1- _gМ-во высш. и сред. спец. образ. СССР. Моск. инж.-физ. ин-т. Фак. автоматики и электроники. Кафедра № 26 |
|
| 210 |
_aМосква _cБ. и. _d1977 |
||
| 215 |
_a20 с. _d20 |
||
| 700 | 1 |
_aПанин _bВ. В. _gВалериан Валерианович |
|
| 801 | 0 |
_aRU _bNLR _gpsbo |
|
| 801 | 1 |
_aRU _bELAR _2rusmarc |
|
| 852 |
_aNLR _j78-4/13807 |
||
| 942 | _cBOOK | ||
| 980 | _aNB | ||